[Event "Filadelfia op 1st"]
[Site "Filadelfia"]
[Date "2009.12.07"]
[Round "5"]
[White "Costantino, Gregorio"]
[Black "Gugliotta, Domenico Francesco"]
[Result "1-0"]
[WhiteElo "1413"]
[BlackElo "1398"]
[PlyCount "59"]
[EventDate "2009.12.05"]
[EventType "swiss"]
[EventRounds "7"]
[EventCountry "ITA"]
[SourceTitle "EXT 2012"]
[Source "ChessBase"]
[SourceDate "2011.11.24"]
[SourceVersion "1"]
[SourceVersionDate "2011.11.24"]
[SourceQuality "1"]

1. Nf3 Nc6 2. c3 e5 3. e4 d6 4. d3 Bg4 5. Be2 d5 6. Nbd2 Bc5 7. b4 Bb6 8. a4 a6 9. Bb2 f6 10. 0-0 d4 11. Qc2 Qd7 12. b5 Nce7 13. Nc4 Bc5 14. Na5 0-0-0 15. bxa6 bxa6 16. Qb3 Bb6 17. Nc4 Ba7 18. a5 f5 19. Ncxe5 Qe8 20. Qe6+ Kb8 21. Qxa6 fxe4 22. Ra3 Bc8 23. Rb3+ Ka8 24. Qc4 exf3 25. Bxf3+ c6 26. Nxc6 Bb7 27. Nxd8 Bxf3 28. gxf3 Nf6 29. Qc7 Qxd8 30. Qb7# 1-0